000 00579nam a2200193Ia 4500
003 LK-CoDNM
005 20240314150815.0
008 010623t1899 xxu||||| |||| 00| 1 Pali d
040 _aLK-CoDNM
_dLK-CoDNM
_eLK-CoDNM
041 _aPali
_asin
080 _a104 EE39
100 _aNaanathilaka thero,
245 _aශබ්දාවර්ුත්ති ප්‍ර‍කාශයෝ
246 _aShabdaavruththi prakaashayoo
260 _bO.K.De Silva T.S.De.S.Munidaasa
_aWelitota
_c1899
300 _bDamaged
_a71p.,21 cm
700 _aSaddharma garu thero
942 _cBK
999 _c84902
_d84902